[Event "Bogota blitz op"]
[Site "Bogota"]
[Date "2024.12.21"]
[Round "5"]
[White "Moreno, Julian David"]
[Black "Brizuela Abreu, Reivis Gabriel"]
[Result "1-0"]
[WhiteElo "1866"]
[BlackElo "2156"]
[PlyCount "112"]
[EventDate "2024.12.21"]
[EventType "swiss (blitz)"]
[EventRounds "11"]
[EventCountry "COL"]
[SourceTitle "CB52_2024"]
[SourceDate "2024.12.25"]
[SourceVersion "1"]
[SourceVersionDate "2024.12.25"]
[SourceQuality "1"]

1. Nf3 d5 2. d4 e6 3. c4 c5 4. e3 Nc6 5. cxd5 exd5 6. Nc3 Nf6 7. Be2 c4 8. 0-0 Bd6 9. b3 cxb3 10. Qxb3 0-0 11. Rd1 Na5 12. Qb1 Bg4 13. Ne5 Bxe2 14. Nxe2 Rc8 15. Bd2 Ne4 16. Be1 Qc7 17. Qd3 Bxe5 18. dxe5 Nc4 19. Qxd5 Qxe5 20. Qxe5 Nxe5 21. Rac1 Nc4 22. Nd4 Rfd8 23. Bb4 a6 24. a4 Nb2 25. Rxc8 Rxc8 26. Rb1 Nd3 27. Be1 Nxe1 28. Rxe1 Rc4 29. f3 Nc5 30. a5 Ra4 31. Rc1 Rxa5 32. Nb3 Rb5 33. Nxc5 f6 34. Ne6 Kf7 35. Nf4 a5 36. Ra1 b6 37. Kf2 Rb2+ 38. Kg3 g5 39. Nd5 h5 40. f4 Ke6 41. Nc7+ Kf5 42. fxg5 fxg5 43. Rf1+ Ke4 44. Ne8 h4+ 45. Kh3 a4 46. Nd6+ Kd5 47. Nf7 g4+ 48. Kxg4 Rxg2+ 49. Kh3 Rb2 50. Ng5 a3 51. Ra1 a2 52. Nf3 b5 53. Ne1 Kc4 54. e4 b4 55. e5 b3 56. Nf3 Re2 1-0

[Event "Bogota Navidad op"]
[Site "Bogota"]
[Date "2024.12.07"]
[Round "6"]
[White "Ladino Hernandez, Angel Joel"]
[Black "Moreno, Julian David"]
[Result "1-0"]
[WhiteElo "1669"]
[BlackElo "1867"]
[PlyCount "61"]
[EventDate "2024.12.04"]
[EventType "swiss"]
[EventRounds "9"]
[EventCountry "COL"]
[SourceTitle "CB50_2024"]
[SourceDate "2024.11.01"]
[SourceVersion "1"]
[SourceVersionDate "2024.11.01"]
[SourceQuality "2"]

1. e4 d6 2. d4 Nf6 3. Nc3 Nbd7 4. Nf3 e5 5. dxe5 dxe5 6. Bc4 Bd6 7. 0-0 h6 8. Re1 Nb6 9. Bb3 c6 10. Be3 Bg4 11. Qe2 Qe7 12. Rad1 0-0 13. h3 Bxf3 14. Qxf3 Nbd7 15. Ne2 Kh7 16. Ng3 g6 17. Kh2 Rad8 18. Rg1 Nc5 19. Rxd6 Qxd6 20. Bxc5 Qxc5 21. Qxf6 Rd6 22. Qe7 Rd5 23. Qxb7 Rd2 24. Bxf7 Rxf2 25. Be8+ Kg8 26. Bxg6 R2f7 27. Bxf7+ Rxf7 28. Qb3 Kf8 29. Rf1 Rxf1 30. Nxf1 Ke7 31. Qa3 1-0

[Event "Bogota Navidad op"]
[Site "Bogota"]
[Date "2024.12.05"]
[Round "2"]
[White "Claverie, Raul Ricardo"]
[Black "Moreno, Julian David"]
[Result "1-0"]
[WhiteElo "2295"]
[BlackElo "1867"]
[PlyCount "99"]
[EventDate "2024.12.04"]
[EventType "swiss"]
[EventRounds "9"]
[EventCountry "COL"]
[SourceTitle "CB50_2024"]
[SourceDate "2024.11.01"]
[SourceVersion "1"]
[SourceVersionDate "2024.11.01"]
[SourceQuality "2"]

1. e4 g6 2. c3 c6 3. d3 Bg7 4. f4 d5 5. Qe2 Nh6 6. Nf3 Nd7 7. e5 Nc5 8. Be3 Ne6 9. d4 b6 10. g3 a5 11. Qd2 Nc7 12. h3 Nf5 13. Bf2 h5 14. Rg1 Nh6 15. Na3 Bf5 16. Nh4 Be6 17. Nc2 Qc8 18. Rh1 b5 19. Ne3 Rb8 20. Rc1 a4 21. Nf3 Bd7 22. Nc2 Nf5 23. Nb4 Ne6 24. Nd3 f6 25. Rg1 Nf8 26. Nc5 Nh6 27. Nxd7 Qxd7 28. Nh4 f5 29. Bd3 Qe6 30. Qd1 Qf7 31. Be2 e6 32. b3 a3 33. Rc2 Ng8 34. Be3 Kd8 35. Kf2 Qe7 36. Qd2 Bh6 37. c4 bxc4 38. bxc4 dxc4 39. Rxc4 Qc7 40. Rb4 Ne7 41. Rgb1 Rxb4 42. Qxb4 Nd7 43. Bd2 Bf8 44. Qxa3 Nc8 45. Qa6 Qa7 46. Qxa7 Nxa7 47. Ba5+ Ke8 48. Nxg6 Rh6 49. Nxf8 Nxf8 50. Rb8+ 1-0

[Event "Bogota Distrito Capital op-B"]
[Site "Bogota"]
[Date "2024.09.21"]
[Round "5"]
[White "Rua, Nora L"]
[Black "Moreno, Julian David"]
[Result "1-0"]
[WhiteElo "1962"]
[BlackElo "1881"]
[PlyCount "81"]
[EventDate "2024.09.19"]
[EventType "swiss"]
[EventRounds "7"]
[EventCountry "COL"]
[SourceTitle "EXT 2025"]
[Source "ChessBase"]
[SourceDate "2024.10.14"]
[SourceVersion "1"]
[SourceVersionDate "2024.10.14"]
[SourceQuality "1"]

1. d4 d5 2. Bf4 Bg4 3. c4 e6 4. Nf3 Bxf3 5. gxf3 Nf6 6. Nc3 c6 7. e3 Bd6 8. Bxd6 Qxd6 9. f4 Nbd7 10. Qc2 a6 11. c5 Qc7 12. b4 g6 13. Bd3 Nh5 14. 0-0 Ndf6 15. f3 h6 16. Rf2 g5 17. fxg5 hxg5 18. Rg2 0-0-0 19. a4 g4 20. fxg4 Nxg4 21. Rxg4 f5 22. Bxf5 Ng7 23. Bd3 Rdf8 24. Rf1 Rxf1+ 25. Bxf1 Nf5 26. Qg2 Qf7 27. Qf2 Qh5 28. Rg2 Qh6 29. Nd1 Rf8 30. Qe2 Nh4 31. Rg3 Qf6 32. Bg2 Nf5 33. Rf3 Qh4 34. Qf2 Qh6 35. Bh3 Rg8+ 36. Kf1 Nh4 37. Rf6 Qh5 38. Bxe6+ Kb8 39. Bxg8 Qxd1+ 40. Qe1 Qg4 41. Qg3+ 1-0

[Event "Bogota Distrito Capital op-B"]
[Site "Bogota"]
[Date "2024.09.21"]
[Round "4"]
[White "Tascon Castro, Diego Alejandro"]
[Black "Moreno, Julian David"]
[Result "1/2-1/2"]
[WhiteElo "1711"]
[BlackElo "1881"]
[PlyCount "92"]
[EventDate "2024.09.19"]
[EventType "swiss"]
[EventRounds "7"]
[EventCountry "COL"]
[SourceTitle "EXT 2025"]
[Source "ChessBase"]
[SourceDate "2024.10.14"]
[SourceVersion "1"]
[SourceVersionDate "2024.10.14"]
[SourceQuality "1"]

1. d4 d5 2. Nc3 Bf5 3. Bf4 c6 4. Nf3 Nf6 5. e3 Nbd7 6. Bd3 Bg6 7. Ne5 e6 8. h4 Qa5 9. f3 Nxe5 10. Bxe5 Nd7 11. Bg3 Bb4 12. Qd2 Nb6 13. a3 Nc4 14. Bxc4 dxc4 15. 0-0 Be7 16. Rad1 Rd8 17. Qe2 Qh5 18. Qf2 0-0 19. Ne2 Qb5 20. Nf4 Bd6 21. Nxg6 hxg6 22. Bxd6 Rxd6 23. c3 Rfd8 24. e4 e5 25. Rd2 g5 26. Rfd1 gxh4 27. dxe5 Rd3 28. Rxd3 Rxd3 29. Rxd3 cxd3 30. Qxh4 f6 31. exf6 Qc5+ 32. Qf2 Qd6 33. Qd2 gxf6 34. Kf1 b5 35. b4 a5 36. Ke1 a4 37. Qe3 Qg3+ 38. Kd2 Qxg2+ 39. Kxd3 Qh1 40. Kc2 Qa1 41. Qc1 Qa2+ 42. Kd3 Qb3 43. Kd4 Qc4+ 44. Ke3 Kf8 45. Qd2 Ke7 46. Qd3 Qg8 1/2-1/2

[Event "Bogota Distrito Capital op-B"]
[Site "Bogota"]
[Date "2024.09.20"]
[Round "2"]
[White "Torres Hernandez, Deivy Santiago"]
[Black "Moreno, Julian David"]
[Result "0-1"]
[WhiteElo "1608"]
[BlackElo "1881"]
[PlyCount "108"]
[EventDate "2024.09.19"]
[EventType "swiss"]
[EventRounds "7"]
[EventCountry "COL"]
[SourceTitle "EXT 2025"]
[Source "ChessBase"]
[SourceDate "2024.10.14"]
[SourceVersion "1"]
[SourceVersionDate "2024.10.14"]
[SourceQuality "1"]

1. d4 d5 2. c4 c6 3. Nc3 Nf6 4. Nf3 g6 5. Bf4 Bg7 6. e3 0-0 7. Rc1 Bf5 8. Bd3 dxc4 9. Bxc4 Nbd7 10. 0-0 Nh5 11. Bg3 Nxg3 12. hxg3 e5 13. d5 e4 14. Nd4 Ne5 15. Nxf5 gxf5 16. Be2 Qa5 17. Qb3 Rfd8 18. Rfd1 Rab8 19. a4 a6 20. dxc6 bxc6 21. Rxd8+ Qxd8 22. Qc2 Qb6 23. Rb1 a5 24. g4 fxg4 25. Nxe4 Qb3 26. Qxb3 Rxb3 27. Nc5 Rb8 28. b3 h5 29. Rd1 Bf8 30. Nd3 Ng6 31. Rb1 c5 32. Rc1 Rxb3 33. Nxc5 Ra3 34. Bb5 g3 35. Ne4 h4 36. fxg3 Rxe3 37. Nf6+ Kg7 38. Kf2 Kxf6 39. Kxe3 Bh6+ 40. Kf3 Bxc1 41. gxh4 Nxh4+ 42. Kf2 Nf5 43. g4 Nd4 44. Bc4 Ke7 45. Kg3 f6 46. Kh4 Kd6 47. Kh5 Kc5 48. Bf1 Kb4 49. Kg6 Bg5 50. Bd3 Kxa4 51. Bc4 Kb4 52. Bf7 a4 53. Bd5 a3 54. Bf7 Nb3 0-1

[Event "Bogota Distrito Capital op-B"]
[Site "Bogota"]
[Date "2024.09.19"]
[Round "1"]
[White "Moreno, Julian David"]
[Black "Becerra Fonseca, Camila Andrea"]
[Result "1-0"]
[WhiteElo "1881"]
[BlackElo "1554"]
[PlyCount "57"]
[EventDate "2024.09.19"]
[EventType "swiss"]
[EventRounds "7"]
[EventCountry "COL"]
[SourceTitle "EXT 2025"]
[Source "ChessBase"]
[SourceDate "2024.10.14"]
[SourceVersion "1"]
[SourceVersionDate "2024.10.14"]
[SourceQuality "1"]

1. c4 c5 2. Nc3 e6 3. g3 Nf6 4. Bg2 d5 5. cxd5 exd5 6. d4 cxd4 7. Qxd4 Nc6 8. Qa4 Be6 9. Bg5 Be7 10. e3 a6 11. Nge2 b5 12. Qd1 b4 13. Bxf6 Bxf6 14. Nxd5 Bxd5 15. Bxd5 Rc8 16. Qb3 0-0 17. Rd1 Qc7 18. 0-0 Qb7 19. Nd4 Bxd4 20. exd4 Qb6 21. Qe3 Rfe8 22. Qf4 Rc7 23. Rc1 Nxd4 24. Qxc7 Ne2+ 25. Kg2 Qxc7 26. Rxc7 Rf8 27. Re1 Nd4 28. Rxf7 Rxf7 29. Re8# 1-0

[Event "Uniagraria AlphaZero op 2nd"]
[Site "Uniagraria"]
[Date "2019.11.10"]
[Round "5"]
[White "Valle, Efrain"]
[Black "Moreno, Julian David"]
[Result "1/2-1/2"]
[WhiteElo "2106"]
[BlackElo "1767"]
[PlyCount "47"]
[EventDate "2019.11.08"]
[EventType "swiss"]
[EventRounds "7"]
[EventCountry "COL"]
[SourceTitle "CBM 193 Extra"]
[Source "ChessBase"]
[SourceDate "2020.01.31"]
[SourceVersion "1"]
[SourceVersionDate "2020.01.31"]
[SourceQuality "1"]

1. c4 c5 2. Nc3 Nc6 3. g3 g6 4. Bg2 Bg7 5. e3 d6 6. Nge2 Nf6 7. 0-0 0-0 8. d4 cxd4 9. exd4 Bf5 10. a3 Rc8 11. b4 b6 12. Bb2 Qd7 13. Rc1 Bh3 14. Re1 Bxg2 15. Kxg2 e6 16. Qd3 Ne7 17. Ne4 Nxe4 18. Qxe4 Rc7 19. Rc2 Rfc8 20. Rec1 d5 21. cxd5 Qxd5 22. Qxd5 Nxd5 23. Rxc7 Rxc7 24. Kf3 1/2-1/2

[Event "Uniagraria AlphaZero op 2nd"]
[Site "Uniagraria"]
[Date "2019.11.09"]
[Round "3"]
[White "Gutierrez Herrera, Jose Antonio"]
[Black "Moreno, Julian David"]
[Result "1/2-1/2"]
[WhiteElo "2088"]
[BlackElo "1767"]
[PlyCount "98"]
[EventDate "2019.11.08"]
[EventType "swiss"]
[EventRounds "7"]
[EventCountry "COL"]
[SourceTitle "CBM 193 Extra"]
[Source "ChessBase"]
[SourceDate "2020.01.31"]
[SourceVersion "1"]
[SourceVersionDate "2020.01.31"]
[SourceQuality "1"]

1. e4 c6 2. d4 d5 3. exd5 cxd5 4. Bd3 Nf6 5. Bf4 Nc6 6. c3 Bg4 7. Qb3 e5 8. dxe5 Nh5 9. Be3 Nxe5 10. Bb5+ Nc6 11. h3 Be6 12. Qa4 Qc7 13. Nf3 Bd6 14. 0-0 0-0 15. Re1 Ne5 16. Nxe5 Bxe5 17. Nd2 g6 18. Nf3 Bf6 19. Nd4 Ng7 20. Qd1 a6 21. Bd3 Rfe8 22. Qf3 Be5 23. Re2 Rad8 24. Rae1 f6 25. g4 Bf7 26. Kg2 b5 27. a3 Rf8 28. Bh6 Qb6 29. Qe3 Rfe8 30. Bxg7 Bxd4 31. Qxd4 Qxd4 32. Rxe8+ Rxe8 33. Rxe8+ Bxe8 34. cxd4 Kxg7 35. f4 Bd7 36. g5 Kf7 37. h4 Ke6 38. Kf3 Be8 39. Kg3 f5 40. Kf3 Kd6 41. Ke3 Kc6 42. h5 Kb6 43. Kd2 a5 44. Kc3 Bf7 45. h6 Be8 46. Kb3 Bf7 47. Bc2 Be8 48. Bd3 Bd7 49. a4 b4 1/2-1/2

[Event "COL-ch"]
[Site "Bogota"]
[Date "2018.11.11"]
[Round "8"]
[White "Moreno, Julian David"]
[Black "Rubiano Espitia, Henry"]
[Result "1/2-1/2"]
[WhiteElo "1825"]
[BlackElo "1600"]
[PlyCount "79"]
[EventDate "2018.11.06"]
[EventType "swiss"]
[EventRounds "9"]
[EventCountry "COL"]
[SourceTitle "CBM 187 Extra"]
[Source "ChessBase"]
[SourceDate "2018.11.04"]
[SourceVersion "1"]
[SourceVersionDate "2018.11.04"]
[SourceQuality "1"]

1. d4 d5 2. b3 c6 3. Nf3 Nf6 4. e3 Bf5 5. Bd3 Bg6 6. Ba3 Nbd7 7. 0-0 Bxd3 8. cxd3 e6 9. Bxf8 Nxf8 10. Nc3 Ng6 11. Rc1 0-0 12. Re1 Nd7 13. e4 Qf6 14. e5 Qd8 15. Ne2 Qa5 16. Qd2 Qxd2 17. Nxd2 Rac8 18. b4 f6 19. f4 fxe5 20. fxe5 Nf4 21. Nxf4 Rxf4 22. Nb3 Rcf8 23. Rc2 R8f7 24. h3 h5 25. a4 g5 26. a5 a6 27. Rce2 g4 28. Re3 Nf8 29. Rg3 Kh7 30. hxg4 hxg4 31. Kh2 Kh6 32. Rge3 Kg5 33. Kg1 Kh5 34. Kh2 Nd7 35. Kg3 Rf1 36. Nd2 R1f4 37. Nb3 Rf1 38. Nd2 R1f4 39. Nb3 Rf1 40. Nd2 1/2-1/2

[Event "COL-ch"]
[Site "Bogota"]
[Date "2018.11.10"]
[Round "7"]
[White "Lopez Ramirez, Daniel Giovanny"]
[Black "Moreno, Julian David"]
[Result "1-0"]
[WhiteElo "1553"]
[BlackElo "1825"]
[PlyCount "134"]
[EventDate "2018.11.06"]
[EventType "swiss"]
[EventRounds "9"]
[EventCountry "COL"]
[SourceTitle "CBM 187 Extra"]
[Source "ChessBase"]
[SourceDate "2018.11.04"]
[SourceVersion "1"]
[SourceVersionDate "2018.11.04"]
[SourceQuality "1"]

1. e4 e5 2. Nf3 Nc6 3. Bb5 Nf6 4. 0-0 Nxe4 5. d4 Nd6 6. Bxc6 dxc6 7. dxe5 Nf5 8. Qxd8+ Kxd8 9. Rd1+ Ke8 10. b3 Bd7 11. Ba3 c5 12. Ng5 Rd8 13. Ne4 b6 14. Bb2 Be7 15. Nec3 Bc6 16. Na3 a6 17. Nc4 Nd4 18. Rac1 Bg5 19. Ne3 Rd7 20. Kf1 g6 21. Re1 Ke7 22. Nb1 Rhd8 23. c3 Ne6 24. g3 Kf8 25. f4 Be7 26. Rcd1 Ng7 27. Ke2 h5 28. Rxd7 Rxd7 29. Rd1 Rxd1 30. Kxd1 Bf3+ 31. Kd2 Be4 32. Na3 b5 33. c4 c6 34. Nac2 Ne6 35. Nd1 g5 36. Ne1 gxf4 37. gxf4 Bh4 38. Ke3 Bf5 39. Nf3 Be7 40. Nc3 Kg7 41. Ne4 Kg6 42. Bc3 h4 43. Be1 Kh5 44. Nd6 Bb1 45. a4 bxa4 46. bxa4 Ba2 47. f5 Bg5+ 48. Nxg5 Nxg5 49. e6 fxe6 50. f6 Kg6 51. Bxh4 Nf7 52. Nb7 Bxc4 53. Nxc5 Nd6 54. Kf4 Nf5 55. Bg5 e5+ 56. Kxe5 Kxg5 57. Nxa6 Nh6 58. Nb8 Nf7+ 59. Kd4 Bd5 60. a5 Kxf6 61. a6 Ke6 62. Kc5 Ne5 63. a7 Nd3+ 64. Kb6 c5 65. Nc6 Bxc6 66. Kxc6 Ne5+ 67. Kxc5 Nd3+ 1-0

[Event "Bogota AlphaZero op"]
[Site "Bogota"]
[Date "2018.08.20"]
[Round "6"]
[White "Moreno, Julian David"]
[Black "Valle, Efrain"]
[Result "0-1"]
[WhiteElo "1825"]
[BlackElo "2139"]
[PlyCount "41"]
[EventDate "2018.08.17"]
[EventType "swiss"]
[EventRounds "7"]
[EventCountry "COL"]
[SourceTitle "CBM 186 Extra"]
[Source "ChessBase"]
[SourceDate "2018.08.24"]
[SourceVersion "1"]
[SourceVersionDate "2018.08.24"]
[SourceQuality "1"]

1. Nf3 c5 2. c4 Nc6 3. g3 g6 4. Nc3 Bg7 5. b3 e5 6. e4 Nge7 7. Bg2 0-0 8. 0-0 f5 9. d3 d6 10. h3 fxe4 11. dxe4 Nd4 12. Nxd4 exd4 13. Na4 Bd7 14. Nb2 Qc8 15. Kh2 Nc6 16. f4 Rb8 17. Nd3 b5 18. Bd2 bxc4 19. bxc4 Qa6 20. Qc2 Be6 21. Rfc1 0-1

[Event "COL pre olympic sf"]
[Site "Bogota"]
[Date "2016.05.26"]
[Round "2"]
[White "Gutierrez, Ramon"]
[Black "Moreno, Julian David"]
[Result "1-0"]
[WhiteElo "2146"]
[BlackElo "1815"]
[PlyCount "89"]
[EventDate "2016.05.25"]
[EventType "swiss"]
[EventRounds "9"]
[EventCountry "COL"]
[SourceTitle "CBM 172 Extra"]
[Source "ChessBase"]
[SourceDate "2016.06.21"]
[SourceVersion "1"]
[SourceVersionDate "2016.06.21"]
[SourceQuality "1"]

1. e4 e5 2. Nf3 Nc6 3. Bb5 Nd4 4. Nc3 g6 5. Bc4 d6 6. d3 Bg7 7. Bg5 f6 8. Be3 Ne6 9. Qd2 Ne7 10. 0-0-0 Nc6 11. Ne2 Bd7 12. d4 exd4 13. Nexd4 Nexd4 14. Nxd4 Qe7 15. Nb5 0-0-0 16. f3 a6 17. Nc3 f5 18. Bg5 Qe5 19. Bxd8 Rxd8 20. exf5 Bxf5 21. Rde1 Qa5 22. Bb3 Nd4 23. Kb1 Nb5 24. Ne4 Qb6 25. Ng3 Bd7 26. Re7 Bh8 27. Rhe1 Bc6 28. Rxh7 a5 29. Qg5 Nd4 30. Ree7 Kb8 31. Rxc7 Ne6 32. Rxc6 bxc6 33. Qc1 Nc5 34. Ne4 a4 35. Nxc5 dxc5 36. Qf4+ Ka8 37. Qxa4+ Kb8 38. Qf4+ Ka8 39. c4 Re8 40. Qd2 Bd4 41. Rh4 Qc7 42. Bc2 Qb7 43. Be4 Rb8 44. Qa5+ Qa7 45. Bxc6+ 1-0

[Event "Tercer Piso op"]
[Site "Tercer Piso"]
[Date "2015.03.21"]
[Round "2"]
[White "Moreno, Julian David"]
[Black "Parada Beltran, Laura Valentina"]
[Result "1-0"]
[WhiteElo "1846"]
[BlackElo "1211"]
[PlyCount "60"]
[EventDate "2015.03.21"]
[EventType "swiss"]
[EventRounds "7"]
[EventCountry "COL"]
[SourceTitle "CBM 165 Extra"]
[Source "ChessBase"]
[SourceDate "2015.04.21"]
[SourceVersion "1"]
[SourceVersionDate "2015.04.21"]
[SourceQuality "1"]

1. c4 e5 2. g3 Nf6 3. Bg2 c6 4. Nc3 d5 5. b3 d4 6. Ne4 Bf5 7. Nxf6+ Qxf6 8. d3 Bc5 9. Nf3 h6 10. 0-0 0-0 11. a3 Qe6 12. b4 Be7 13. Re1 Bh3 14. Bh1 c5 15. Bd2 a6 16. e3 dxe3 17. Rxe3 Bg4 18. Qe1 Bxf3 19. Rxe5 Qc6 20. Bxf3 Qxf3 21. Rxe7 b6 22. Qe3 Qf6 23. Re1 Nc6 24. Re4 Nd4 25. Rf4 Qc6 26. Bc3 Rfe8 27. Re4 Rxe4 28. Qxe4 Qxe4 29. Rxe4 Rd8 30. Bxd4 cxd4 1-0

[Event "Bogota Lab op"]
[Site "Bogota"]
[Date "2014.10.03"]
[Round "1.3"]
[White "Moreno, Julian David"]
[Black "Vergara V, Edgar"]
[Result "1-0"]
[WhiteElo "1858"]
[BlackElo "1613"]
[PlyCount "47"]
[EventDate "2014.10.03"]
[EventType "swiss"]
[EventRounds "5"]
[EventCountry "COL"]
[SourceTitle "EXT 2024"]
[Source "ChessBase"]
[SourceDate "2023.10.10"]
[SourceVersion "1"]
[SourceVersionDate "2023.10.10"]
[SourceQuality "1"]

1. Nf3 e6 2. c4 h6 3. g3 g5 4. Bg2 Bg7 5. d4 d6 6. b3 a6 7. Bb2 Nd7 8. Nbd2 Ne7 9. e4 Nf6 10. Qc2 Ng6 11. 0-0 Nh5 12. e5 d5 13. b4 Bd7 14. a4 c6 15. Nb3 Bf8 16. Nc5 b6 17. Nxd7 Qxd7 18. Rfd1 Ng7 19. b5 a5 20. Rac1 Rc8 21. cxd5 Ne7 22. Ba3 c5 23. dxe6 Qxe6 24. d5 1-0